Dictadura y proyectos de recambio: El caso de Chile

Sábháilte in:
Sonraí bibleagrafaíochta
Príomhchruthaitheoir: García, Pío
Formáid: LEABHAR
Teanga:Spanish
Foilsithe / Cruthaithe: México: Editorial Edicol, 1980
Clibeanna: Cuir clib leis
Níl clibeanna ann, Bí ar an gcéad duine le clib a chur leis an taifead seo!

MARC

LEADER 00000nam a22000007a 4500
003 cru CIDCACS/IIS
005 20240708114914.0
008 240708b1980 mx ||||| |||| 00| 0 spa d
020 |a 968-408-064-6 
040 |a cru CIDCACS/IIS  |b spa  |c cru CIDCACS/IIS 
100 1 |a García, Pío  |9 12241 
245 1 |a Dictadura y proyectos de recambio:  |b El caso de Chile  |c Pío García  |h [impreso] 
260 |a México:   |b Editorial Edicol,   |c 1980 
300 |a 123-144 páginas 
650 0 7 |0 TESAUROS  |2 TESAUROS 
773 0 |0 45882  |9 11336  |a Portantiero, Juan Carlos  |d México: Editorial Edicol, 1980  |o 08253  |t América Latina:  |z 968-408-064-6 
942 |2 z  |c LI  |h <script>document.querySelector('[id^="tag_090_subfield_a"]').value</script>  |6 SCRIPTDOCUMENTQUERYSELECTORIDTAG_090_SUBFIELD_AVALUESCRIPT 
999 |c 45886  |d 45886